LDR 01036nam a2200217 u 4500 001 000000023874 003 CaOOAMICUS 005 20070226111304.0 008 950520s1888 it u000 u ita u 035 $a10602553 040 $aPUL(R)$bita 100 1 $aSarnelli, Gennaro Maria,$cC.SS.R.,$d1702-1744.$0(OLS)http://pul/name/20054 245 13$aIl mondo santificato dove si tratta della meditazione e della preghiera ... /$cGennaro Sarnelli. 260 $aNapoli :$bA. e S. Festa,$c1888. 300 $a2 v ;$c18 cm 505 0 $av.1. Le pratiche per l'orazione in particolare ed in comune -- v.2. Meditazioni sopra le massime eterne per la vita purgativa. 850 $aPUL 852 $aPUL$W1$xDP1 Antico 800$y27$m577 H 13-14$j33448$nBK-PRI$b $qStampati Antico$B33448$CPULBib$Z2$F33448 $H $81 941 1 $a15 996 $6245$aIl mondo santificato dove si tratta della meditazione e della preghiera ...$9(OLS)http://pul/title/33149 996 $6260$aNapoli :$bA. e S. Festa$9(OLS)http://pul/publisher/49022